Quimeras, clones e genes (Registo nº 200405)

Detalhes MARC
000 -Etiqueta do registo
Valores 00553nam 22001693 4500
100 ## - Dados gerais de processamento
Dados gerais 20260205d u||y0pory50 ba
200 ## - Titulo e menção de responsabilidade
Título próprio Quimeras, clones e genes
Primeira menção de responsabilidade Nicole Le Douarin
Outras menções de responsabilidade tradução de Isabel Palmeirim, Alexandra Manaia
210 ## - Publicação
Local de publicação Lisboa
Nome do editor Serviço de Educação e Bolsas, Fundação Calouste Gulbenkian
Data de publicação 2005
215 ## - Descrição física 
Paginação / Volumes 501 p.
Outras indicações físicas brochado
Dimensões 23 cm
606 ## - Nome comum usado como assunto
ID Autoridade 927
Palavra de ordem Medicina
675 ## - CDU
Notação 61
Edição PT
Língua por
700 ## - Autor principal (pessoa individual)
ID Autoridade 16210
Apelido Douarin
Nome Nicole Le
801 ## - Fonte de origem
País PT
Agência BMMN
Regras de catalogação RPC
830 ## - Notas gerais do catalogador
Criado por Fernando
Indexado por Fernando
990 ## - Elementos KOHA
Tipo de documento Livro
Exemplares
Situação do levantamento Biblioteca de origem Código de barras Cota Permissão de empréstimo Tipo de documento Forma de aquisição
  Biblioteca Municipal de Montemor-o-Novo 29567 61 DOU|DEP   Livro Compra

Powered by Koha